Statistics for Скоростное написание английского алфавита

Click here to take the quiz!

General Stats

  • This quiz has been taken 60 times
  • The average score is 11 of 26

Answer Stats

Буква% Correct
1A
100%
2B
100%
3C
100%
4D
100%
5E
79%
6F
71%
7G
71%
8H
43%
9I
36%
10J
36%
11K
36%
12L
29%
13M
29%
14N
21%
15O
21%
16P
21%
17Q
21%
18R
21%
19S
21%
20T
21%
21U
21%
22V
21%
23W
21%
24X
21%
25Y
21%
26Z
21%

Score Distribution

Percentile by Number Answered

Percent of People with Each Score

Your Score History

You have not taken this quiz